01111cam a22002054a 4500020002800000041000800028082001800036100002400054245008800078260003900166300003200205505040200237650001300639650002000652650002300672856005600695942000700751952013000758999001700888 a0897899245 (alk. paper) aENG00a398.0932bASW1 aEl-Aswad, el-Sayed,10aReligion and folk cosmology : scenarios of the visible and invisible in rural Egypt aWestport, Conn. :bPraeger,c2002. axii, 206 p. :bill., maps ;8 aMachine generated contents note: one -- Introduction, -- 1 --two -- The Village in a Sociocosmic Context, -- 22 --three -- The Cosmos: The Visible and the Invisible, -- 60 --four -- The Hierarchical Microcosm: -- Visible and Invisible Aspects of the Person, -- 86 -- five -- Symbolic Exchange, Gender, and Cosmological Forces, -- 109 --six -- Multiple Worlds, -- 144 --seven -- Conclusion, -- 169. 0aFolklore 0aEthnophilosophy 0aIslamic cosmology.41uhttp://www.loc.gov/catdir/toc/fy034/2002021659.html cBK 00104070aHMIbHMIcGENd2024-03-18eKohinoor Book Distributorg6011.00l0o398.0932 ASWp25920r2024-04-10w2024-04-10yBK c23431d23431